| 000 | 01954nam a2200313Ia 4500 | ||
|---|---|---|---|
| 001 | K0544 | ||
| 003 | IT-RoPAU | ||
| 008 | 130308s9999 xx 000 0 und d | ||
| 040 | _aIT-RoPAU | ||
| 040 | _cIT-RoPAU | ||
| 041 | _aITALIANO | ||
| 100 | _aAmiel Vincent | ||
| 100 | _gCodice Aut. SPICS: 3626 | ||
| 240 | _aESTHETIQUE DU montage | ||
| 240 | _gCodice Tit. Orig. Spics: T3888 | ||
| 245 | _aEstetica del montaggio | ||
| 245 | _bEstetica del montaggio | ||
| 250 | _a1a ed. | ||
| 260 | _aTORINO | ||
| 260 | _bLindau | ||
| 260 | _c2006 [1° Ed.:2006 - Ed.Ling.Originale:2002] | ||
| 300 | _a"222 p. (prefazione: no ; testo: 222 [pagine: 0-0])" | ||
| 500 | _a"Montaggio Narrativo: Griffith una Pragmatica del Decoupage; Raccordi; Raccordi Sonori; Variazioni Temporali; Rotture di tono; Racconto Documentario; montaggio All'Opera, Welles o Il Racconto. montaggio Discorsivo: Frammento Come Principio; Cinema Sovietico; figure Retoriche; Cinema pubblicitario ; Documentari D'Archivio; montaggio All'Opera, Resnais o Il Discorso. montaggio per Corrispondenze: Ritmi; un Gioco col Tempo; Avanguardia Francese Anni '20; montaggio Aperto; Chris Marker e Apertura al Mondo; montaggio All'Opera, Pialat o le Corrispondenze. Scrittura e Mano: Primo Periodo Mano nella Colla; Secondo Periodo, Giunte Mobili; terzo Periodo, Video; Quarto Periodo, Svolta Digitale; Nuovo Rapporto con la Durata?; Estetica dei Possibili. Glossario. Bibliografia. " | ||
| 650 | _aLINGUAGGIO CINEMATOGRAFICO | ||
| 650 | _eCodice materia Spics: 6804 | ||
| 942 | _cBK | ||
| 957 | _71 | ||
| 999 |
_c77381 _d77381 |
||
| 999 | _g1 | ||